Китайский зодиак - Statistics

General Stats
  • This quiz has been taken 219 times
  • The average score is 9 of 12
Answer Stats
Энергия Элемент Животное % Correct
5 Ян Земля Дракон
95%
4 Инь Дерево Заяц
88%
6 Инь Огонь Змея
85%
11 Ян Земля Собака
83%
12 Инь Вода Свинья
82%
1 Ян Вода Крыса
80%
3 Ян Дерево Тигр
76%
2 Инь Земля Бык
72%
10 Инь Металл Петух
70%
9 Ян Металл Обезьяна
69%
7 Ян Огонь Лошадь
66%
8 Инь Земля Коза
65%
No matching quizzes found
Score Distribution
Percent of People with Each Score
Percentile by Number Answered
Your Score History
You have not taken this quiz